000 01452aam a2200313 i 4500
001 768714001
003 CO-MdFUSB
005 20220224113456.0
007 ta
008 220224t2003 -us |||| |||| 00| 0 spa d
020 _a9588201217
040 _bspa.
_aCO-MdFUSB
_cCO-MdFUSB
_dCO-MdFUSBC
_erda
041 _aspa
082 0 4 _a253.7
_223
_bB4159o
100 1 _aBefus, David R.
_eautor
245 1 0 _aNegocios para el Reino :
_bel ministerio de promover actividades económicas como parte de la misión de la Iglesia
_c/ David R. Befus
250 _a2 edición. actualizada y ampliada
264 1 _aMiami, FL., USA :
_bMisión Latinoamericana,
_c[2003]
264 4 _c© 2003
300 _a200 páginas
_c; 21 cm
336 _atexto
_btxt
_2rdacontent
337 _2rdamedia
_asin mediación
_bn
338 _2rdacarrier
_avolumen
_bnc
505 _aLos negocios son una herramienta para el ministerio de la iglesia. -- Cinco paradigmas o modelos básicos para ministrar por medio de la actividad económica productiva. -- La comunidad de la iglesia y la promoción de las actividades económicas. -- Los primeros pasos en la organización del proyecto. -- Empresas de servicio: Ministerios que generan fondos. -- Negocios para sostener el ministerio: la datación y los "hacedores de tiendas" -- Programas económicos para ayudar a los necesitados.
563 _aRústico
653 _aMétodos pastorales
942 _cBK
945 _aJTF-925
999 _c36836
_d36836